Nationalism, Civil Society, and the Revolution of 1989

Titel: Nationalism, Civil Society, and the Revolution of 1989
Verfasser:
In: Nations and nationalism, Band 18, Heft 4 (2012), Seite 624-642
alle Artikel anzeigen
Veröffentlicht: 2012
Format: Aufsatz
Sprache: Englisch
Schlagworte:
Kein Bild verfügbar
X
alg: 39282451
001A    $01999:11-11-16 
001B    $01999:10-07-24 $t22:32:32.000 
001C    $06050:19-11-16 $t15:06:49.000 
001D    $01999:11-11-16 
001U    $0utf8 
001X    $00 
002@    $0Oox 
003@    $0392824515 
007A    $0392824515 $aHEB 
007T    $0Herdc0108719m 
009Q    $uhttp://onlinelibrary.wiley.com/doi/10.1111/j.1469-8129.2012.00555.x/ $xVolltext 
010@    $aeng 
011@    $a2012 
013D    $#Newspapers Sections, columns, etc. Reviews $#Book reviewing $#Journaux Cahiers, chroniques, etc. Comptes rendus $#Livres Recension $#Rezension $#Buchbesprechung $#Buchrezension $#Buchkritik $74049712-4 $8Rezension [Ts1] $9085138568 
021A    $aNationalism, Civil Society, and the Revolution of 1989 
028A    $aMentzel $dPeter C. 
031A    $d18 $e4 $h624-642 $j2012 
039B    $aIn $8--Obvc--. Nations and nationalism. - Oxford : Wiley-Blackwell, 1995-. - Online-Ressource. - ISSN 1469-8129. - DOI 10.1111/(ISSN)1469-8129 $x201200000180004376 $9084522844 
045F    $a351.09 $eDDC23BSB 
045F/01 $a351.09 
045F/03 $g437 

lok: 39282451 78

exp: 39282451 78 1 #EPN
201B/01 $019-04-17 $t11:36:22.000 
201U/01 $0utf8 
203@/01 $0788934732 
208@/01 $a11-11-16 $be 
209A/01 $a/ $f000 $x00 
220C/01 $aTitelaufnehmer: pg 
220C/01 $aHerkunft: HI Marburg 
244Z/01 $2Trx $#Kesk- ja Ida- Euroopa kontseptsioonid $#Vidurio Europos koncepcijos $#East-Central Europe $#Keletközépeurópa-eszmék $#Europa Środkowo-Wschodnia koncepcje $#Európa stredovýchodná koncepcie $#Evropa střední, východní část koncepce $#Mitteleuropa $#Osteuropakonzeptionen $#Europa Środkowa koncepcje $#Stredná Európa koncepcie $#Střední Europa koncepce $8--Trx--Ostmitteleuropakonzeptionen $x01 $9391364286 
244Z/01 $aGeschichte 1800-2010 $x02 
244Z/01 $2Trx $#natsionalism $#nacionalizmas $#nationalism $#nacionalizmus $#nacjonalizm $#nacionalizmus $#nacionalismus $8--Trx--Nationalismus $x03 $9391370146 
244Z/01 $2Trx $#tsiviilühiskond $#pilietinė visuomenė $#civil society $#civil társadalom $#społeczeństwo obywatelskie $#spoločnosť občianska $#společnost občanská $8--Trx--Zivilgesellschaft $x04 $9391373463 
244Z/01 $2Trx $#süsteemivahetus 1989/90 $#1989 90 m. lūžis $#Upheaval 1989/90 $#rendszerváltás 1989/90 $#przełom ustrojowy 1989/90 $#zmena systému 1989/90 $#revoluce 1989/90 $#Umbruch 1989/90 $#samtene Revolution $#Dekommunisierung $#dekomunizacja $#Nežná revolúcia $#sametová revoluce $8--Trx--Systemwechsel$g1989/90 $x05 $9391367293 
244Z/01 $2Trx $8--Trx--Zeitschriftenaufsatz $x06 $9391384341 
244Z/01 $2Trx $8--Trx--elektronische Ressource $x07 $939138452X 
245Z/01 $a07.01 $x01 
247C/01 $82080>Marburg/Lahn, Herder-Institut, Forschungsbibliothek, Bibliographieportal $9336309341
LEADER 00000caa a22000002c 4500
001 392824515
003 DE-603
005 20240710223232.0
007 cr||||||||||||
008 161111s2012 xx |||| o| u00||u|eng c
035 |a (DE-599)HEB392824515 
040 |a DE-603  |b ger  |c DE-603  |d DE-603 
041 |a eng 
082 0 4 |8 1\u  |a 351.09  |q DE-101  |2 23/BSB 
085 |8 1\u  |b 351.09 
085 |8 1\u  |z 2  |s 437 
100 1 |a Mentzel, Peter C. 
245 0 0 |a Nationalism, Civil Society, and the Revolution of 1989 
264 0 |c 2012 
655 7 |a Rezension  |2 gnd-content  |0 (DE-588)4049712-4  |0 (DE-603)085138568 
773 0 8 |i In  |t Nations and nationalism  |d Oxford : Wiley-Blackwell, 1995-  |h Online-Ressource  |o 10.1111/(ISSN)1469-8129  |x 1469-8129  |g Band 18, Heft 4 (2012), Seite 624-642  |w (DE-603)084522844  |w (DE-600)1500007-2 
856 |u http://onlinelibrary.wiley.com/doi/10.1111/j.1469-8129.2012.00555.x/ 
924 1 |9 2080  |a (DE-603)788934732  |b DE-2080  |c HES  |d d  |g /